00581nam a22002057a 450000500170000001000110001702000100002803500110003803700160004904000120006508200110007710000220008824500850011026000410019527000620023630000240029865000160032265000120033870000250035020170124110113.0 a117064 c00.00 a117064 bCen Lib/Ret aDPLbEN aNbBRE aBrete, Jean De La aMy uncle and the cure /cby Jean De La Brete; trnsalated by N. St. Barbe Sladen  bCasssell and Company aLondon c1889 bLondon a37/38, st. andrew's hill, queen victoria street  axi, 180p.c17cm(Hb) aLiterature  aNovels  aSladen, N.St. Barbe